Score 0/41 Timer 05:00
0 Plays Today
Button % Correct
blue button
90%
yellow button
90%
green button
90%
1
87.5%
2
87.5%
3
87.5%
4
87.5%
5
87.5%
6
87.5%
7
87.5%
8
87.5%
9
87.5%
0
85%
tv
82.5%
sky
80%
play
80%
pause
80%
red button
77.5%
tv guide
75%
rewind
75%
fast forward
75%
Button % Correct
on
72.5%
left
72.5%
right
72.5%
up
72.5%
down
72.5%
i
70%
select
67.5%
stop
65%
help
62.5%
box office
60%
volume up
60%
volume down
60%
channel up
60%
channel down
60%
back up
60%
record
57.5%
services
50%
mute
50%
text
47.5%
interactive
45%
Remove Ads.
Support Sporcle.
Get the best of Sporcle when you Go Orange. This ad-free experience offers more features, more stats, and more fun while also helping to support Sporcle. Thank you for becoming a member.

You're not logged in!

Compare scores with friends on all Sporcle quizzes.
OR
Log In

Show Comments

Extras

Created Oct 19, 2013ReportNominate
Tags:remote, Sky

Top Quizzes Today


Score Distribution

Your Account Isn't Verified!

In order to create a playlist on Sporcle, you need to verify the email address you used during registration. Go to your Sporcle Settings to finish the process.

Report this User

Report this user for behavior that violates our Community Guidelines.

Details: